000
00351nam a2200157Ia 4500
005
20250423101143.0
008
250422s9999 xx 000 0 und d
020
_a
0710090870
050
_a
PN 1042 .B6/
100
_a
Boulton, Marjorie
245
4
_a
The anatomy of poetry
260
_c
1982
300
_a
255 p
650
_a
Poetics
942
_c
BK
999
_c
35454
_d
35454